The Westminster historical atlas to the Bible / (Record no. 7241)
[ view plain ]
| 000 -LEADER | |
|---|---|
| fixed length control field | 00961cam a2200253 a 4500 |
| 001 - CONTROL NUMBER | |
| control field | 40450966 |
| 003 - CONTROL NUMBER IDENTIFIER | |
| control field | LTSCA |
| 005 - DATE AND TIME OF LATEST TRANSACTION | |
| control field | 20190131130708.0 |
| 008 - FIXED-LENGTH DATA ELEMENTS--GENERAL INFORMATION | |
| fixed length control field | 981207s1945 pauab 000 0 eng d |
| 010 ## - LIBRARY OF CONGRESS CONTROL NUMBER | |
| LC control number | 45002903 |
| 040 ## - CATALOGING SOURCE | |
| Original cataloging agency | KAT |
| Transcribing agency | KAT |
| Modifying agency | OCL |
| -- | OUN |
| -- | SER |
| -- | NLGGC |
| -- | MUQ |
| -- | DRB |
| -- | OCLCG |
| -- | OKR |
| -- | RTM |
| 050 00 - LIBRARY OF CONGRESS CALL NUMBER | |
| Classification number | BS630 |
| Item number | .W7 1956 |
| 082 0# - DEWEY DECIMAL CLASSIFICATION NUMBER | |
| Classification number | REF 220.91 |
| 100 1# - MAIN ENTRY--PERSONAL NAME | |
| Personal name | Wright, G. Ernest |
| Fuller form of name | (George Ernest), |
| Dates associated with a name | 1909-1974 |
| 245 14 - TITLE STATEMENT | |
| Title | The Westminster historical atlas to the Bible / |
| Statement of responsibility, etc. | edited by George Ernest Wright and Floyd Vivian Filson ; with an introductory article by William Foxwell Albright |
| 260 ## - PUBLICATION, DISTRIBUTION, ETC. | |
| Place of publication, distribution, etc. | Philadelphia, PA : |
| Name of publisher, distributor, etc. | The Westminster Press, |
| Date of publication, distribution, etc. | c1945 |
| 300 ## - PHYSICAL DESCRIPTION | |
| Extent | 114 p. : |
| Other physical details | ill., maps. ; |
| Dimensions | 40 cm |
| 490 1# - SERIES STATEMENT | |
| Series statement | Westminster aids to the study of the Scriptures |
| 630 00 - SUBJECT ADDED ENTRY--UNIFORM TITLE | |
| Uniform title | Bible |
| General subdivision | Geography |
| Form subdivision | Maps |
| 630 00 - SUBJECT ADDED ENTRY--UNIFORM TITLE | |
| Uniform title | Bible |
| General subdivision | Geography |
| 700 1# - ADDED ENTRY--PERSONAL NAME | |
| Personal name | Filson, Floyd Vivian, |
| Dates associated with a name | 1896-1980 |
| 830 #0 - SERIES ADDED ENTRY--UNIFORM TITLE | |
| Uniform title | Westminster aids to the study of the Scriptures |
| 942 ## - ADDED ENTRY ELEMENTS (KOHA) | |
| Source of classification or shelving scheme | Dewey Decimal Classification |
| Koha item type | Reference |
| Withdrawn status | Lost status | Source of classification or shelving scheme | Damaged status | Not for loan | Collection code | Home library | Current library | Shelving location | Date acquired | Cost, normal purchase price | Total Checkouts | Full call number | Barcode | Date last seen | Price effective from | Koha item type |
|---|---|---|---|---|---|---|---|---|---|---|---|---|---|---|---|---|
| Dewey Decimal Classification | Non-fiction | Harvest Mission College | Harvest Mission College | General Stacks | 31.01.2019 | 2850.00 | REF 220.91 | 008130 | 31.01.2019 | 31.01.2019 | Reference |
